Groep van 10 - Statistieken

Algemene statistieken
  • Deze quiz is 429 keer genomen
    377 sinds de laatste reset
  • De gemiddelde score is 6 van 9
Antwoordstatistieken
werkgever/-nemerorganisatie Andere organisaties Leider % Correct
ABVV Bert Engelaar
73%
Boerenbond Lode Ceysens
73%
VBO Pieter Timmermans
73%
ACV Ann Vermorgen
70%
CM Luc Van Gorp
67%
Voka Hans Maertens
63%
ACLVB Gert Truyens
58%
SM (Solidaris) Christel Geerts
50%
Unizo Peter Brysse
41%
Geen overeenkomende quizzen gevonden
Scoreverdeling
Procent van Mensen met Elke Score
Percentiel versus Aantal Correcte Antwoorden
Uw Scoregeschiedenis
U heeft deze quiz nog niet genomen sinds de laatste reset